| 000 | 00560nam a2200181 4500 | ||
|---|---|---|---|
| 001 | 138412 | ||
| 003 | ES-MaACL | ||
| 005 | 20250714063110.0 | ||
| 007 | t| | ||
| 008 | 070214s1904 sp r ||||1| spa d | ||
| 100 | 1 |
_aSandoval, Manuel de, _d1874-1932 _9103105 |
|
| 245 | 1 | 0 |
_aAves de paso / _cManuel de Sandoval ; prólogo de D. Jacinto Octavio Picón. |
| 260 |
_aMadrid : _b[s. n.], _c1904. |
||
| 300 |
_a123 p. ; _c18 x 11 cm. |
||
| 700 | 1 |
_aPicón, Jacinto Octavio, _d1852-1923 _991875 |
|
| 852 |
_aES-MaACL _jF-10398 |
||
| 999 |
_c138412 _d138412 |
||